5HLuxD.jpg

KING HENRY VIII SENIOR AND PRIMARY SCHOOL LIBRARY OPAC

QUESTIONS AND ANSWERS ABOUT DINOSAURS (Record no. 4441)

000 -LEADER
fixed length control field 00361nam a22001217a 4500
008 - FIXED-LENGTH DATA ELEMENTS--GENERAL INFORMATION
fixed length control field 250218b ||||| |||| 00| 0 eng d
020 ## - INTERNATIONAL STANDARD BOOK NUMBER
International Standard Book Number 9781409582144
082 ## - DEWEY DECIMAL CLASSIFICATION NUMBER
Classification number 567 DAY
100 ## - MAIN ENTRY--PERSONAL NAME
Personal name DAYNES,KATIE
Relator term AUTHOR
245 ## - TITLE STATEMENT
Title QUESTIONS AND ANSWERS ABOUT DINOSAURS
260 ## - PUBLICATION, DISTRIBUTION, ETC.
Place of publication, distribution, etc. USBORNE HOUSE,83-85 SAFFRON HILL,LONDON EC1N 8RT
Name of publisher, distributor, etc. USBORNE PUBLISHING LTD
942 ## - ADDED ENTRY ELEMENTS (KOHA)
Source of classification or shelving scheme
Holdings
Withdrawn status Lost status Source of classification or shelving scheme Damaged status Not for loan Collection code Permanent Location Current Location Shelving location Date acquired Full call number Barcode Date last seen Price effective from Koha item type Public note
          Non-Fiction KH8 Primary School Library KH8 Primary School Library Non Fiction 2025-02-18 567 DAY KHPL000006237 2025-12-05 2025-02-18 Books - Non Ficton KH8 PRIMARY LIBRARY

Powered By KH8 IT Dept